000 00517nam a22001697a 4500
005 20251108163336.0
008 250721s1993 xx 000 0 ara d
082 1 4 _a210.430134/قرض
100 1 _aالقرضاوي، يوسف
245 1 0 _aواجب الشباب المسلم اليوم /
264 1 _aالمنصورة :
_bدار الوفاء للطباعه والنشر والتوزيع،
_c1993 1993.
300 _a31ص.
650 1 7 _aالإسلام
650 1 7 _aالشباب
942 _2ddc
_cBK
999 _c248
_d248